000
00299nam a22001337a 4500
003
LRUA
005
20230710212707.0
008
230710b xxu||||| |||| 00| 0 eng d
040
_c
RUA
082
_2
BOR BIO 1989 C173 Or.
245
_a
BIOLOGIE
260
_a
Phnom Penh
_b
RUA
_c
1989
942
_2
ddc
_c
EK
999
_c
21558
_d
21558